[Event "Austin CC-ch 7th"]
[Site "Austin"]
[Date "2017.01.08"]
[Round "5"]
[White "Durston, John"]
[Black "Romo, Benjamin"]
[Result "1-0"]
[WhiteElo "1950"]
[BlackElo "1884"]
[PlyCount "45"]
[EventDate "2017.01.06"]
[EventType "swiss"]
[EventRounds "5"]
[EventCountry "USA"]
[SourceTitle "EXT 2019"]
[Source "ChessBase"]
[SourceDate "2018.10.10"]
[SourceVersion "1"]
[SourceVersionDate "2018.10.10"]
[SourceQuality "1"]

1. e4 c5 2. Nf3 Nc6 3. d4 cxd4 4. Nxd4 g6 5. Nc3 Bg7 6. Be3 Nf6 7. f3 0-0 8. Bc4 a6 9. Qd2 b5 10. Bb3 Bb7 11. 0-0-0 Rc8 12. h4 h5 13. g4 Ne5 14. Bh6 hxg4 15. h5 Nc4 16. Bxc4 bxc4 17. hxg6 fxg6 18. Qg5 Rf7 19. Qxg6 Qf8 20. Nf5 Ne8 21. Rxd7 Bc6 22. Bxg7 Bxd7 23. Nh6# 1-0